Statistiques concernant Cours d'italien 5 - La famille

Cliquez ici pour prendre le quiz!

Statistiques générales

  • Ce quiz a été pris 66 fois
  • Le résultat moyen est 13 sur 27

Statistiques - réponses

FranceseItaliano% Correct
Maman / mèreMamma / Madre
93%
Papa / pèrePapà / Padre
93%
FamilleFamiglia
85%
Grand-mèreNonna
78%
FrèreFratello
76%
Grand-pèreNonno
76%
SoeurSorella
73%
FilleFiglia
68%
FilsFiglio
68%
TanteZia
63%
OncleZio
63%
ParentsGenitori
61%
CousineCugina
59%
CousinCugino
59%
MariMarito
56%
NeveuNipote
39%
NièceNipote
39%
FemmeMoglie
37%
Arrière grand-mèreBisnonna
20%
ParentsParente
20%
Belle mèreSuocera
20%
Beau pèreSuocero
20%
Arrière grand-pèreBisnonno
17%
Belle soeurCognata
15%
Beau frèreCognato
15%
ParentéParentela
5%
Beau fils / belle filleFigliastro
0%

Distribution des résultats

Percentile par nombre de réponses

% des personnes avec chaque résultat

Votre développement - résultats

Vous n’avez pas pris ce quiz